000 00703nam a2200265 a 4500
999 _c3974
_d3974
001 3974
003 BD-JhCC
005 20171122130616.0
008 171118s1934 uk |||| |||| 000 0 eng d
035 _a(BD-JhCC)
040 _aBD-JhCC
_dBD-JhCC
041 _aeng
082 _a526.8
_bBYG 1934
100 _aBygott, Jhon
245 _aAn Introduction to Mapwork and Practical Geography /
_cJhon Bygott; D C Money (Ed.)
250 _a9th ed.
260 _aLondon :
_bUniversity tutorial press ltd,
_c1934
300 _a264 p.;
_c22 cm
650 _aCartography
_xStudy and teaching
650 _aGeography
650 _aMaps
650 _aMap drawing
700 _aMoney, D C
942 _2ddc
_cBK